000 02776nam a22006377a 4500
003 AR-RoUNA
005 20260303084802.0
008 260302b |||||||| |||| 00| 0 spa d
040 _aAR-RoUNA
_bspa
_dAR-RoUNA
041 _aspa
_hspa
044 _aag
110 _aCentro de Arquitectos de Rosario
_98386
245 1 0 _aCiudad de Rosario destino urbanistico de los terrenos del ex Molino Yerbatero Martin :
_bconfrontacion de ideas y debates /
_cCentro de Arquitectos de Rosario
260 _aRosario, Santa , Argentina :
_bCentro de Arquitectos de Rosario,
_c198?
300 _a35 p.
_bfot. byn.
_bplanos
_c35x23 cm
500 _aMat. Bibl. extraido: Biblioteca Personal Arq. Adrian Caballero / Caja Nº19
505 0 _tINDICE
505 0 _t1. Introduccion y Consideraciones Generales p.4
505 0 _a1.1 Presentacion p.4
505 0 _a1.2 Fundamentacion p.4
505 0 _a1.3 Objetivos particulares de la confrontacion p.5
505 0 _a1.4 Parametros de la propuesta p.6
505 0 _a1.5 Consideraciones particulares del sitio p.7
505 0 _t2. Informacion y Documentacion Grafica p.11
505 0 _a2.1 Reglamentacion Municipal p.11
505 0 _a2.2 Notas historicas del sector p.20
505 0 _a2.3 Documentacion fotografica p.24
505 0 _a2.4 Planos de ubicacion y relevamiento planimetrico p.29
505 0 _a2.5 Axonometria del entorno p.31
505 0 _a2.6 Plano catastral del terreno p.32
505 0 _t3. Reglamento y Modelo dela Confrontacion p.33
505 0 _a3.1 Aspectos generales p.33
505 0 _a3.2 Presentacion delas propuestas p.34
505 0 _a3.3 Publicacion de los trabajos y conclusiones p.35
520 3 _aEste documento institucional con alto valor valor historico-local, fue producido en contexto de debates profesionales, articulando discurso tecnico, legitimacion institucional y memoria urbana. El C.A.R (Centro de Arquitectos de Rosario); agredece la coloboracion del Arq. Oscar Mongsfeld en documentacion historica y planimetria.
600 1 4 _aBehar, Roberto
_919517
600 1 4 _aCaballero, Adrian
_93312
600 1 4 _aMonzon, Jackie
_927619
600 1 4 _aPampinella, Silvia
_93410
600 1 4 _aQuiroga, Horacio
_98408
600 1 4 _aRodriguez, Ana Maria
_93954
600 1 4 _aSarrabayrouse, Juan Carlos
_98668
600 1 4 _aViotti, Juan Carlos
_96370
650 4 _aPlanificacion urbana
650 4 _aUrbanismo
650 4 _aDebates profesionales
650 4 _aPatrimonio industrial
651 4 _aRasario, Santa Fe, Argentina
_927618
653 _aOrdenanza: Nº 2966
653 _aYerbatera Marin y Cia
908 _aImp
930 _e12291
942 _2udc
_cLIB
945 _d2026-03-02
_aMIA
980 _61
_aMaricel Allasia
_81
_gMaricel Allasia
999 _c12350
_d12350